000 01081nam a22002537a 4500
005 20170707112916.0
010 _a1617EN
020 _a9788131531686
_c850.00
035 _aB-654230-241
035 _aB-667882
037 _adpl
_bTechniz
082 _a005.54
100 _aFreund, Steven M.
245 _aMicrosoft excel 2013 :
_cby Steven M. Freund, Mali B. Jones [and] Joy L. Starks
_bcomprehensive /
260 _aDelhi
_bCengage Learning
_c2016 (repr.)
270 _a418,F.I.E.Patparganj
_b Delhi
_e110092
_l-
_m-
300 _avarious pagings
_c27cm(pbk)
500 _aIncludes index
700 _aJones, Mali B.
700 _aStarks, Joy L.
942 _2ddc
_cEN
_mFRE
_h005.54
999 _c102109
_d102109